Demographical records by continent - Statistics

General Stats
  • This quiz has been taken 879 times
  • The average score is 28 of 36
Answer Stats
Hint Answer % Correct
Europe Country with largest population (in mio) 145,9 Russia
99%
Europe Country with smallest population 801 Vatican City
98%
Europe Biggest city (population) (in mio) 17,4 Moscow
94%
North America Country with largest population (in mio) 331 United States
94%
North America Country with biggest net change (in k) 1937,7 United States
94%
Asia Country with largest population (in mio) 1439,3 China
93%
Africa Country with biggest growth (pct) 3,84 Niger
91%
South America Country with largest population (in mio) 212,5 Brazil
90%
South America Country with biggest net change (in k) 1509,9 Brazil
90%
Africa Country with largest population (in mio) 206,1 Nigeria
90%
Africa Country with biggest net change (in k) 5176 Nigeria
90%
North America Biggest city (population) (in mio) 24,5 Mexico city
89%
Europe Country with biggest density (p/km²) 26 337 Monaco
87%
Oceania Country with largest population (in mio) 25,5 Australia
86%
Oceania Country with biggest net change (in k) 296,7 Australia
86%
Africa Biggest city (population) (in mio) 21,5 Cairo
84%
South America Country with smallest population 586 632 Suriname
83%
South America Biggest city (population) (in mio) 22,6 Sao Paulo
82%
Oceania Biggest city (population) (in mio) 5,4 Sydney
77%
Europe Country with biggest net change (in k) 355,8 United Kingdom
77%
Oceania Country with smallest population 10 824 Nauru
76%
Oceania Country with biggest density (p/km²) 541 Nauru
76%
South America Country with biggest density (p/km²) 71 Ecuador
75%
South America Country with biggest growth (pct) 1,55 Ecuador
75%
Asia Country with biggest net change (in k) 13586,6 India
75%
Africa Country with smallest population 98 347 Seychelles
75%
Asia Country with biggest density (p/km²) 8 358 Singapore
74%
Asia Country with smallest population 437 479 Brunei
68%
North America Country with smallest population 71 986 Dominica
68%
Asia Biggest city (population) (in mio) 47,6 Guangzhou
66%
North America Country with biggest density (p/km²) 668 Barbados
61%
Africa Country with biggest density (p/km²) 626 Mauritius
53%
North America Country with biggest growth (pct) 1,90 Guatemala
48%
Oceania Country with biggest growth (pct) 2,55 Solomon islands
46%
Asia Country with biggest growth (pct) 3,68 Bahrain
43%
Europe Country with biggest growth (pct) 1,66 Luxembourg
33%
No matching quizzes found
Score Distribution
Percent of People with Each Score
Percentile by Number Answered
Your Score History
You have not taken this quiz